Výpočtová štatistika 8. medzinárodný seminár

Gespeichert in:
Bibliographische Detailangaben
Weitere Verfasser: Chajdiak, Jozef, Luha, Ján
Format: Buch
Sprache:Slowakisch
Englisch
Veröffentlicht: Bratislava Slovenská štatistická a demografická spoločnosť 1999
Schlagworte:
Tags: Tag hinzufügen
Keine Tags, Fügen Sie das erste Tag hinzu!

MARC

LEADER 00000nam a2200000 4500
001 c117648
005 20221123133720.1
020 |a 80-88946-03-4 
041 0 |a slo 
041 0 |a eng 
044 |a SK 
245 1 0 |a Výpočtová štatistika  |b 8. medzinárodný seminár  |c [zostavil: Jozef Chajdiak, Ján Luha] 
264 1 |a Bratislava  |b Slovenská štatistická a demografická spoločnosť  |c 1999 
300 |a 170 s. 
610 2 0 |a štatistika aplikovaná 
610 2 0 |a štatistika matematická 
610 2 0 |a systémy informačné riadiace 
610 2 0 |a systémy informačné odvetvové 
610 2 0 |a zber dát 
610 2 0 |a analýza štatistická 
610 2 0 |a metódy matematicko-štatistické 
610 2 0 |a metódy štatistické 
700 1 |a Chajdiak, Jozef 
700 1 |a Luha, Ján